000 01194nam a2200421 a 4500
003 AR-BaBNM
005 20251128204902.0
008 082120s2002 ||||||||||||||000 | spa||
020 _a84-7133-646-4
040 _cAR-BaBNM
245 0 0 _aLa otra cara de la investigación educativa
250 _a1ª ed.
260 _aMadrid
_bLa Muralla
_c1995
300 _a271 p.
_bgráfs.
490 0 _aAula abierta
500 _aReferencias al final de cada capítulo
500 _aGeoffrey Walford es director de la edición
650 4 _aPROYECTOS DE INVESTIGACION
650 4 _aINFORME DE INVESTIGACION
650 4 _aENTREVISTAS
650 4 _aOBSERVACION DE LA CLASE
650 4 _aANALISIS DE DATOS
651 4 _aEspaña
653 _aINVESTIGACION EDUCATIVA
700 1 _aWalford, Geoffrey
700 1 _aTizard, Bárbara
700 1 _aHughes, Martín
700 1 _aMercer, Neil
700 1 _aMeasor, Lynda
700 1 _aWoods, Peter
700 1 _aMac an Ghaill, Máirtín
700 1 _aRaffe, David
700 1 _aBall, Stephen J.
700 1 _aOrduna Cosmen, Javier
_etraductor
800 1 _aCasanova, María Antonia
_edirector
942 _cBK
998 _cCarmen
999 _c9190
_d9190